[Event "15. Sueder Sommerpokal 2005"]
[Site "Recklinghausen GER"]
[Date "2005.08.07"]
[Round "7.13"]
[White "Hahn, Matthias"]
[Black "Weißkopf, Lutz"]
[Result "1-0"]
[WhiteElo "1994"]
[BlackElo "2122"]
[PlyCount "91"]
[EventDate "2005.08.01"]
[EventType "swiss"]
[EventRounds "9"]
[EventCountry "GER"]
[Source "lmi"]
[SourceDate "2005.08.07"]

1. d4 Nf6 2. Nf3 g6 3. c4 Bg7 4. g3 O-O 5. Bg2 d6 6. Nc3 c6 7. O-O Nbd7 8. h3
e5 9. e4 Qb6 10. d5 c5 11. Rb1 a6 12. Be3 Qc7 13. Ne1 Nb6 14. b3 Ne8 15. Nd3 f5
16. Qd2 Nf6 17. Kh2 fxe4 18. Nxe4 Bf5 19. Nxf6+ Rxf6 20. g4 Bxd3 21. Qxd3 Raf8
22. Be4 Qc8 23. Kg3 Nd7 24. f3 R6f7 25. g5 Re8 26. h4 Nf8 27. Rh1 Rc7 28. h5
gxh5 29. Rxh5 Bh8 30. Rbh1 Ree7 31. Kf2 b5 32. g6 Bf6 33. gxh7+ Kh8 34. Rh6
bxc4 35. Qxc4 Rf7 36. Rg1 Bg7 37. Rxd6 Qh3 38. Rh6 Rxf3+ 39. Bxf3 Bxh6 40. d6
Bxe3+ 41. Kxe3 Qh6+ 42. Ke2 Ne6 43. dxc7 Qh2+ 44. Rg2 Nf4+ 45. Qxf4 Qxf4 46.
c8=Q+ 1-0

[Event "15. Sueder Sommerpokal 2005"]
[Site "Recklinghausen GER"]
[Date "2005.08.07"]
[Round "7.14"]
[White "Savchenko, Aleksij"]
[Black "Krug, Kevin"]
[Result "0-1"]
[WhiteElo "2013"]
[BlackElo "2098"]
[PlyCount "80"]
[EventDate "2005.08.01"]
[EventType "swiss"]
[EventRounds "9"]
[EventCountry "GER"]
[Source "lmi"]
[SourceDate "2005.08.07"]

1. d4 d5 2. Nf3 Nf6 3. e3 c6 4. Be2 e6 5. O-O Nbd7 6. b3 Bd6 7. Bb2 Qc7 8. Nbd2
e5 9. dxe5 Nxe5 10. Nxe5 Bxe5 11. Bxe5 Qxe5 12. Nf3 Qe7 13. Nd4 O-O 14. Bf3 Re8
15. Rc1 Be6 16. c4 Rad8 17. c5 Qd7 18. b4 Bg4 19. Bxg4 Nxg4 20. h3 Nf6 21. a4
a6 22. Qf3 Ne4 23. Qf5 Qc7 24. Rfd1 Re5 25. Qf4 Qe7 26. Rd3 Re8 27. f3 Nf6 28.
Nf5 Qe6 29. Nd6 Re7 30. Rb1 Ne8 31. Nxe8 Rxe8 32. b5 axb5 33. axb5 h6 34. Kf2
d4 35. Rbb3 dxe3+ 36. Rxe3 Qd5 37. Rec3 Qd1 38. Qc1 Qe2+ 39. Kg1 Rg5 40. g4 Rd5
0-1

[Event "15. Sueder Sommerpokal 2005"]
[Site "Recklinghausen GER"]
[Date "2005.08.07"]
[Round "7.15"]
[White "Podzielny, Karl-Heinz"]
[Black "Viebahn, Dirk"]
[Result "1/2-1/2"]
[WhiteElo "2452"]
[BlackElo "2063"]
[PlyCount "153"]
[EventDate "2005.08.01"]
[EventType "swiss"]
[EventRounds "9"]
[EventCountry "GER"]
[Source "lmi"]
[SourceDate "2005.08.07"]

1. d4 Nf6 2. Nf3 g6 3. c4 Bg7 4. Nc3 d5 5. Bg5 Ne4 6. cxd5 Nxg5 7. Nxg5 e6 8.
Nf3 exd5 9. b4 O-O 10. e3 a5 11. b5 c5 12. bxc6 bxc6 13. Na4 Qe7 14. Be2 Qb4+
15. Nd2 Ba6 16. Bxa6 Nxa6 17. a3 Qb5 18. Qc2 c5 19. Rb1 Qe8 20. dxc5 d4 21. e4
d3 22. Qc4 Bh6 23. Rd1 Nb4 24. Nb6 Nc2+ 25. Kf1 Nxa3 26. Qxd3 Rd8 27. Nd5 Qa4
28. Nf3 Nc4 29. Qd4 Bg7 30. Ne7+ Kh8 31. Qxd8 Rxd8 32. Rxd8+ Bf8 33. Rxf8+ Kg7
34. Rg8+ Kh6 35. g4 Ne5 36. Nxe5 Qa1+ 37. Kg2 Qxe5 38. Re8 Qxe4+ 39. f3 Qc2+
40. Kg3 Qxc5 41. h4 Qd6+ 42. Kh3 Qd3 43. Ng8+ Kg7 44. Kg2 Qd2+ 45. Kg3 Qd6+ 46.
Kf2 Qd4+ 47. Re3 Kxg8 48. h5 f5 49. gxf5 gxf5 50. Ke2 Qb2+ 51. Kf1 a4 52. Re2
Qb3 53. Kg2 Kf8 54. Rc1 Qg8+ 55. Kf2 Qg5 56. Rc8+ Kf7 57. Rc7+ Kf6 58. Rc6+ Kf7
59. Rb2 Qe7 60. Rbc2 Qh4+ 61. Ke3 Qe1+ 62. Kf4 Qh4+ 63. Ke5 Qg3+ 64. f4 Qe3+
65. Kxf5 Qd3+ 66. Kg4 Qd1+ 67. Kg5 Qd8+ 68. Kg4 Qd1+ 69. Kg3 Qe1+ 70. Kf3 Qd1+
71. Ke4 Qh1+ 72. Ke5 Qa1+ 73. Kf5 Qb1 74. Rc7+ Ke8 75. Kg5 a3 76. Re2+ Kf8 77.
Rcc2 1/2-1/2

[Event "15. Sueder Sommerpokal 2005"]
[Site "Recklinghausen GER"]
[Date "2005.08.07"]
[Round "7.17"]
[White "Michalicek, Roland"]
[Black "Trzaska, Peter"]
[Result "0-1"]
[WhiteElo "1733"]
[BlackElo "2198"]
[PlyCount "70"]
[EventDate "2005.08.01"]
[EventType "swiss"]
[EventRounds "9"]
[EventCountry "GER"]
[Source "lmi"]
[SourceDate "2005.08.07"]

1. e4 d5 2. exd5 Nf6 3. Nc3 Nxd5 4. Bc4 Nb6 5. Bd3 e5 6. Qf3 Nc6 7. b3 Be6 8.
Nge2 Qd7 9. Be4 Be7 10. Bxc6 bxc6 11. Bb2 O-O 12. O-O-O f5 13. d3 a5 14. a4 Bf6
15. Rhg1 Rab8 16. Qh3 c5 17. f4 Qf7 18. Nb5 Bxb3 19. cxb3 Qxb3 20. d4 Qc4+ 21.
Qc3 Qxe2 22. dxe5 Be7 23. Rd2 Qe4 24. Qb3+ c4 25. Qc2 Bc5 26. Qxe4 fxe4 27. Re1
Nxa4 28. Ba3 Rxb5 29. Bxc5 Nxc5 30. Kc2 Rxf4 31. Rd8+ Rf8 32. Rd4 Nd3 33. Rexe4
Nxe5 34. g4 Rf2+ 35. Kc3 Rb3# 0-1

[Event "15. Sueder Sommerpokal 2005"]
[Site "Recklinghausen GER"]
[Date "2005.08.07"]
[Round "7.18"]
[White "Jungbluth, Rolf"]
[Black "Barskij, Aleksandr"]
[Result "0-1"]
[WhiteElo "2183"]
[BlackElo "1996"]
[PlyCount "128"]
[EventDate "2005.08.01"]
[EventType "swiss"]
[EventRounds "9"]
[EventCountry "GER"]
[Source "lmi"]
[SourceDate "2005.08.07"]

1. c4 e5 2. Nc3 Nc6 3. g3 g6 4. Bg2 Bg7 5. d3 d6 6. e3 Nge7 7. Nge2 O-O 8. O-O
f5 9. f4 Be6 10. Nd5 Qd7 11. Rb1 Nd8 12. Nxe7+ Qxe7 13. b3 Qd7 14. Bb2 c6 15.
fxe5 dxe5 16. d4 e4 17. Nf4 Bf7 18. h4 Ne6 19. Qe1 Nxf4 20. Rxf4 Be6 21. Rf2
Qc7 22. Re2 Rad8 23. Rc1 Qb8 24. Bf1 h6 25. Rg2 Kh7 26. Qe2 Rf7 27. a4 Qd6 28.
Ra1 Qc7 29. b4 a6 30. c5 Bd5 31. Bc3 Qe7 32. Be1 Qf6 33. Rb1 g5 34. Qh5 Qg6 35.
Qxg6+ Kxg6 36. Bc3 Rdf8 37. Be2 Kh7 38. hxg5 hxg5 39. Rh2+ Bh6 40. Bd2 Kg7 41.
b5 axb5 42. axb5 f4 43. bxc6 bxc6 44. gxf4 gxf4 45. Bh5 Rf5 46. Rb7+ Bf7 47.
exf4 Bxf4 48. Rg2+ Kf6 49. Bxf7 Rxf7 50. Rxf7+ Kxf7 51. Rf2 e3 52. Rxf4 Rxf4
53. Bxe3 Rf3 54. Bf2 Ke6 55. Kg2 Rb3 56. Bh4 Rd3 57. Bf2 Kd5 58. Kf1 Rd2 59.
Ke1 Ra2 60. Kf1 Ke4 61. Kg2 Kf4 62. d5 cxd5 63. c6 Rc2 64. c7 Kg4 0-1

[Event "15. Sueder Sommerpokal 2005"]
[Site "Recklinghausen GER"]
[Date "2005.08.07"]
[Round "7.19"]
[White "Werner, Michael"]
[Black "Kappler, Thomas"]
[Result "1-0"]
[WhiteElo "2144"]
[BlackElo "1688"]
[PlyCount "83"]
[EventDate "2005.08.01"]
[EventType "swiss"]
[EventRounds "9"]
[EventCountry "GER"]
[Source "lmi"]
[SourceDate "2005.08.07"]

1. d4 d5 2. c4 e6 3. Nc3 Nf6 4. Bg5 dxc4 5. e3 a6 6. Bxc4 b5 7. Bb3 Bb7 8. Nf3
Be7 9. O-O O-O 10. Qe2 Ne4 11. Bxe7 Nxc3 12. bxc3 Qxe7 13. c4 b4 14. c5 a5 15.
Rfc1 c6 16. e4 Nd7 17. e5 Rfd8 18. Qe3 Nf8 19. Ng5 Ba6 20. Ne4 Ng6 21. Nd6 Qc7
22. a3 bxa3 23. Rxa3 Bb5 24. Rca1 Ra6 25. Qc3 Rda8 26. Bc4 Bxc4 27. Nxc4 Nf4
28. Qd2 Nd5 29. Rxa5 Rxa5 30. Rxa5 Rxa5 31. Qxa5 Qxa5 32. Nxa5 Ne7 33. Kf1 Kf8
34. Ke2 Ke8 35. Kd3 Kd7 36. Nc4 Nd5 37. Nb6+ Ke7 38. Nxd5+ exd5 39. f4 Ke6 40.
g4 h5 41. f5+ Ke7 42. gxh5 1-0

[Event "15. Sueder Sommerpokal 2005"]
[Site "Recklinghausen GER"]
[Date "2005.08.07"]
[Round "7.20"]
[White "Rebber, Christian"]
[Black "Bastians, Felix"]
[Result "1/2-1/2"]
[WhiteElo "2108"]
[BlackElo "1865"]
[PlyCount "102"]
[EventDate "2005.08.01"]
[EventType "swiss"]
[EventRounds "9"]
[EventCountry "GER"]
[Source "lmi"]
[SourceDate "2005.08.07"]

1. e4 d6 2. Nf3 Nf6 3. Nc3 g6 4. d4 Bg7 5. Bc4 Nc6 6. h3 Na5 7. Bd3 a6 8. a4
O-O 9. O-O Nc6 10. Be3 Re8 11. Qd2 e5 12. d5 Nb4 13. Bc4 c5 14. dxc6 bxc6 15.
Rad1 d5 16. exd5 e4 17. dxc6 Qxd2 18. Nxd2 Nxc6 19. Nd5 Rb8 20. Nxf6+ Bxf6 21.
Bd5 Nb4 22. Bf4 Rb6 23. Bxe4 Rbe6 24. Bf3 Nxc2 25. Bd5 Re2 26. Nc4 Be6 27. Nd6
Re7 28. Bf3 Bb3 29. Bxe2 Rxe2 30. Bh6 Bd4 31. a5 f5 32. Rd2 Re6 33. Rd3 Ba2 34.
Rc1 Rxd6 35. Rxc2 Bxf2+ 36. Kxf2 Rxd3 37. Rc8+ Kf7 38. Rc7+ Ke6 39. Rc6+ Ke5
40. Rxa6 Kd5 41. Ra8 Rb3 42. Bg7 Rb7 43. Bc3 Bb1 44. a6 Rd7 45. a7 Be4 46. g3
Kd6 47. Bb4+ Kd5 48. Bc3 Kd6 49. Rh8 Rxa7 50. Ke3 Rd7 51. Kf4 Ke6 1/2-1/2

[Event "15. Sueder Sommerpokal 2005"]
[Site "Recklinghausen GER"]
[Date "2005.08.07"]
[Round "7.21"]
[White "Reichelt, Manfred"]
[Black "Kühneweg, Christian"]
[Result "1-0"]
[WhiteElo "2092"]
[BlackElo "1496"]
[PlyCount "43"]
[EventDate "2005.08.01"]
[EventType "swiss"]
[EventRounds "9"]
[EventCountry "GER"]
[Source "lmi"]
[SourceDate "2005.08.07"]

1. d4 f5 2. Nf3 Nf6 3. c4 e6 4. g3 g6 5. Bg2 Bg7 6. O-O O-O 7. Nc3 Qe7 8. Qc2
c6 9. e4 d5 10. exd5 exd5 11. Re1 Qf7 12. Ng5 Qc7 13. Bf4 Qd8 14. cxd5 cxd5 15.
Qb3 h6 16. Ne6 Bxe6 17. Rxe6 Qd7 18. Rd6 Qf7 19. Nxd5 Nbd7 20. Nxf6+ Nxf6 21.
Rxf6 Bxf6 22. Bd5 1-0

[Event "15. Sueder Sommerpokal 2005"]
[Site "Recklinghausen GER"]
[Date "2005.08.07"]
[Round "7.22"]
[White "Leveikina, Jevgenija"]
[Black "Distelrath, Oliver"]
[Result "1-0"]
[WhiteElo "2013"]
[BlackElo "2029"]
[PlyCount "85"]
[EventDate "2005.08.01"]
[EventType "swiss"]
[EventRounds "9"]
[EventCountry "GER"]
[Source "lmi"]
[SourceDate "2005.08.07"]

1. c4 e5 2. Nc3 d6 3. d3 f5 4. g3 Nf6 5. Bg2 Be7 6. Nf3 O-O 7. O-O Na6 8. Rb1
c6 9. b4 Bd7 10. Qc2 Qc7 11. a4 d5 12. c5 h6 13. d4 exd4 14. Nxd4 Ne4 15. Bf4
Qc8 16. f3 Nxc3 17. Qxc3 Bf6 18. Bd6 Re8 19. e3 Nc7 20. Qd3 Bxd4 21. exd4 Re6
22. Rbe1 Ne8 23. Rxe6 Bxe6 24. Be5 a6 25. Re1 Kf7 26. Qe3 Qd7 27. Bf1 Nf6 28.
Bd3 Ng8 29. Bd6 Re8 30. Qf4 Nf6 31. Kf2 Nh5 32. Qe3 Nf6 33. Be5 Ng8 34. h4 Qd8
35. Qf4 g5 36. hxg5 Qxg5 37. Qxg5 hxg5 38. Rh1 Kg6 39. Rh8 Re7 40. g4 Nh6 41.
Rf8 Nf7 42. gxf5+ Bxf5 43. Rg8+ 1-0

[Event "15. Sueder Sommerpokal 2005"]
[Site "Recklinghausen GER"]
[Date "2005.08.07"]
[Round "7.23"]
[White "Bischof, Rainer"]
[Black "Senay, Baris"]
[Result "1/2-1/2"]
[WhiteElo "2020"]
[BlackElo "1659"]
[PlyCount "95"]
[EventDate "2005.08.01"]
[EventType "swiss"]
[EventRounds "9"]
[EventCountry "GER"]
[Source "lmi"]
[SourceDate "2005.08.07"]

1. d4 d5 2. Nf3 Nf6 3. e3 e6 4. Bd3 Nbd7 5. Nbd2 c6 6. O-O Bd6 7. c4 O-O 8. b3
Re8 9. Bb2 e5 10. dxe5 Nxe5 11. Nxe5 Bxe5 12. Bxe5 Rxe5 13. Qc2 Rh5 14. Be2 Rh6
15. Rfe1 Ne4 16. Nf1 Qh4 17. Bd3 Ng5 18. Bf5 Bxf5 19. Qxf5 Rf6 20. Qc2 Qg4 21.
Kh1 Rg6 22. Ng3 h5 23. Qe2 Ne4 24. Kg1 Qg5 25. Qxh5 Nxg3 26. Qxg5 Rxg5 27. hxg3
dxc4 28. bxc4 Kf8 29. Red1 Ke7 30. Kf1 Rc5 31. Rd4 Rh8 32. Ke2 Rh2 33. Kf3 g5
34. Rad1 Rf5+ 35. Ke4 Rxf2 36. Rd7+ Kf8 37. Rxb7 Rhxg2 38. Rxa7 Rxg3 39. Rd8+
Kg7 40. Rdd7 Rg4+ 41. Kd3 Rg1 42. Rdc7 g4 43. Ra5 g3 44. Rxc6 g2 45. Rg5+ Kf8
46. Rc8+ Ke7 47. Rcg8 Rxa2 48. Ke4 1/2-1/2

[Event "15. Sueder Sommerpokal 2005"]
[Site "Recklinghausen GER"]
[Date "2005.08.07"]
[Round "7.24"]
[White "Bosau, Jens"]
[Black "Wachovius, Hans-Werner"]
[Result "0-1"]
[WhiteElo "1657"]
[BlackElo "2027"]
[PlyCount "64"]
[EventDate "2005.08.01"]
[EventType "swiss"]
[EventRounds "9"]
[EventCountry "GER"]
[Source "lmi"]
[SourceDate "2005.08.07"]

1. d4 Nf6 2. c4 g6 3. Nc3 Bg7 4. e4 d6 5. f3 O-O 6. Be3 Nc6 7. Bd3 a6 8. Nge2
Rb8 9. O-O e5 10. d5 Ne7 11. b4 c6 12. Rc1 Nd7 13. Qb3 c5 14. bxc5 Nxc5 15.
Bxc5 dxc5 16. Rb1 b6 17. Rb2 Bd7 18. Rfb1 f5 19. Qa3 a5 20. Rb3 Nc8 21. Na4 Bh6
22. Bc2 fxe4 23. Bxe4 Nd6 24. Bd3 Be3+ 25. Kh1 e4 26. fxe4 Qf6 27. Nxb6 Bh3 28.
Ng1 Bxg2+ 29. Kxg2 Bxg1 30. Qb2 Bd4 31. Qe2 Qg5+ 32. Kh3 Rf4 0-1

[Event "15. Sueder Sommerpokal 2005"]
[Site "Recklinghausen GER"]
[Date "2005.08.07"]
[Round "7.25"]
[White "Oberste, Norbert"]
[Black "Berthy, Andreas"]
[Result "1-0"]
[WhiteElo "1996"]
[BlackElo "1582"]
[PlyCount "63"]
[EventDate "2005.08.01"]
[EventType "swiss"]
[EventRounds "9"]
[EventCountry "GER"]
[Source "lmi"]
[SourceDate "2005.08.07"]

1. f4 d5 2. Nf3 e6 3. e3 c5 4. d4 Nf6 5. c3 Nc6 6. Bd3 Bd7 7. Ne5 cxd4 8. exd4
a6 9. Nd2 b5 10. a3 Bd6 11. O-O Qb6 12. Ndf3 O-O 13. g4 Be8 14. g5 Nd7 15. Qe1
Ndxe5 16. fxe5 Be7 17. Qh4 g6 18. Kh1 h5 19. Ng1 Kg7 20. Nh3 Rh8 21. b4 a5 22.
Bd2 a4 23. Rf3 Bd7 24. Raf1 Raf8 25. Qf2 Be8 26. Qe2 Na7 27. Nf4 Qd8 28. h4 Qd7
29. R1f2 Nc8 30. Qf1 Nb6 31. Qh3 Qc8 32. Bxg6 1-0

[Event "15. Sueder Sommerpokal 2005"]
[Site "Recklinghausen GER"]
[Date "2005.08.07"]
[Round "7.26"]
[White "Wrona, Manfred"]
[Black "Deinert, Wolfgang"]
[Result "0-1"]
[WhiteElo "1609"]
[BlackElo "1951"]
[PlyCount "64"]
[EventDate "2005.08.01"]
[EventType "swiss"]
[EventRounds "9"]
[EventCountry "GER"]
[Source "lmi"]
[SourceDate "2005.08.07"]

1. e4 e6 2. Nf3 d5 3. exd5 exd5 4. d4 Bd6 5. Bd3 Nf6 6. Bg5 h6 7. Bh4 Bg4 8.
O-O g5 9. Bg3 Ne4 10. Qe1 Qe7 11. Qa5 c6 12. Re1 Bb4 13. Qc7 Qxc7 14. Bxc7 Bxe1
15. Nxe1 Be6 16. f3 Nf6 17. Nd2 Nbd7 18. c3 Nh5 19. g3 Ke7 20. g4 Rac8 21. Bg3
Nxg3 22. hxg3 h5 23. Bf5 hxg4 24. fxg4 Bxf5 25. gxf5 Kf6 26. Ng2 Kxf5 27. Rf1+
Kg6 28. Nf3 Rce8 29. Kf2 f6 30. Ne3 Re4 31. g4 Rhe8 32. Nf5 Rxg4 0-1

[Event "15. Sueder Sommerpokal 2005"]
[Site "Recklinghausen GER"]
[Date "2005.08.07"]
[Round "7.28"]
[White "Reinholz, Benjamin"]
[Black "Riesenbeck, Marten"]
[Result "1/2-1/2"]
[WhiteElo "1712"]
[BlackElo "1647"]
[PlyCount "58"]
[EventDate "2005.08.01"]
[EventType "swiss"]
[EventRounds "9"]
[EventCountry "GER"]
[Source "lmi"]
[SourceDate "2005.08.07"]

1. e4 e6 2. d4 d5 3. exd5 exd5 4. c4 Nf6 5. Bg5 Be7 6. Nf3 Bg4 7. Be2 dxc4 8.
Qa4+ c6 9. Qxc4 O-O 10. O-O Nbd7 11. Nc3 Nb6 12. Qd3 Re8 13. Rfe1 Nfd5 14. Bxe7
Qxe7 15. Kf1 Nf4 16. Qc2 Nxe2 17. Rxe2 Qd6 18. Ne4 Qg6 19. Rae1 Nd5 20. Qb3 Kh8
21. Ng3 Rxe2 22. Rxe2 Bxf3 23. Qxf3 f6 24. Qb3 Qf7 25. Ne4 Qc7 26. g3 Re8 27.
Nc3 Rxe2 28. Kxe2 Qe7+ 29. Kd2 Nb6 1/2-1/2

[Event "15. Sueder Sommerpokal 2005"]
[Site "Recklinghausen GER"]
[Date "2005.08.07"]
[Round "7.29"]
[White "Simon, Roland"]
[Black "Lange, Hans-Werner"]
[Result "0-1"]
[WhiteElo "1877"]
[BlackElo "1589"]
[PlyCount "76"]
[EventDate "2005.08.01"]
[EventType "swiss"]
[EventRounds "9"]
[EventCountry "GER"]
[Source "lmi"]
[SourceDate "2005.08.07"]

1. d4 Nf6 2. Nf3 g6 3. Bf4 Bg7 4. Nbd2 O-O 5. e4 d6 6. Bd3 b6 7. c3 Bb7 8. Qc2
Nbd7 9. O-O-O c5 10. d5 a6 11. c4 b5 12. h4 h5 13. Nh2 bxc4 14. Nxc4 Nb6 15. f3
Nxc4 16. Bxc4 Bc8 17. e5 Bf5 18. Qd2 dxe5 19. Bxe5 Kh7 20. g4 hxg4 21. fxg4
Nxg4 22. Nxg4 Bxg4 23. Bxg7 Kxg7 24. h5 Bxd1 25. hxg6 Rh8 26. Rf1 f6 27. Qxd1
Qd6 28. Qd2 Rh2 29. Rf2 Rah8 30. a3 Qe5 31. Re2 Rxe2 32. Bxe2 Rh2 33. Kd1 Qe4
34. Qd3 Qxd3+ 35. Bxd3 Rxb2 36. Bxa6 Ra2 37. Bb5 Rxa3 38. Be8 Rd3+ 0-1

[Event "15. Sueder Sommerpokal 2005"]
[Site "Recklinghausen GER"]
[Date "2005.08.07"]
[Round "7.30"]
[White "Kamper, Marco"]
[Black "Kartsev, Alexandr"]
[Result "0-1"]
[WhiteElo "1543"]
[BlackElo "1647"]
[PlyCount "68"]
[EventDate "2005.08.01"]
[EventType "swiss"]
[EventRounds "9"]
[EventCountry "GER"]
[Source "lmi"]
[SourceDate "2005.08.07"]

1. f4 f5 2. Nf3 Nf6 3. e3 g6 4. b3 Bg7 5. Bb2 O-O 6. c4 e6 7. Nc3 d5 8. d4 b6
9. Be2 Bb7 10. Na4 Nbd7 11. b4 Ne4 12. O-O c5 13. bxc5 bxc5 14. cxd5 Bxd5 15.
dxc5 Bxb2 16. Nxb2 Nc3 17. Qc2 Nxe2+ 18. Qxe2 Nxc5 19. Rfd1 Ne4 20. Rac1 Qf6
21. Na4 Rac8 22. Ne5 Qe7 23. Qb2 Rb8 24. Qc2 Rfc8 25. Qxc8+ Rxc8 26. Rxc8+ Kg7
27. Rdc1 Qa3 28. R1c7+ Kh6 29. Rxh7+ Kxh7 30. Rc7+ Kg8 31. Rc8+ Kg7 32. Rc7+
Kf8 33. Rc8+ Kg7 34. Rc7+ Kh6 0-1

[Event "15. Sueder Sommerpokal 2005"]
[Site "Recklinghausen GER"]
[Date "2005.08.07"]
[Round "7.31"]
[White "Mundorf, Johannes"]
[Black "Bensch, Arnold Heinrich"]
[Result "1/2-1/2"]
[WhiteElo "1253"]
[BlackElo "1632"]
[PlyCount "121"]
[EventDate "2005.08.01"]
[EventType "swiss"]
[EventRounds "9"]
[EventCountry "GER"]
[Source "lmi"]
[SourceDate "2005.08.07"]

1. e4 d6 2. d4 e6 3. Nc3 a6 4. Nf3 h6 5. b3 Ne7 6. Bb2 g6 7. Bd3 Bg7 8. Qe2 Nd7
9. O-O b5 10. a4 b4 11. Na2 c5 12. c3 bxc3 13. Bxc3 O-O 14. Qb2 Rb8 15. Rab1
Bb7 16. Rfd1 cxd4 17. Nxd4 d5 18. Nxe6 Bxc3 19. Nxd8 Bxb2 20. Nxb7 Rxb7 21.
Rxb2 Nc5 22. exd5 Nxa4 23. Rbb1 Nc5 24. Nc1 Nxd5 25. Bxa6 Nxa6 26. Rxd5 Nb4 27.
Rd4 Rc8 28. Rh4 Kg7 29. Rh3 Rc2 30. Nd3 Nd5 31. Kf1 Nc3 32. Rb2 Rxb2 33. Nxb2
Rxb3 34. Nd1 Rb1 35. Rxc3 Rxd1+ 36. Ke2 Rh1 37. h3 Rg1 38. Kf3 g5 39. Rc5 Kg6
40. Rc6+ f6 41. g4 Re1 42. Kg3 Re4 43. f3 Rf4 44. Re6 Rb4 45. Rd6 Rb8 46. Re6
Rf8 47. Rd6 h5 48. h4 hxg4 49. fxg4 gxh4+ 50. Kxh4 Rb8 51. Rc6 Rb5 52. Rc8 Rb4
53. Rc6 Rd4 54. Rb6 Kf7 55. Kg3 Rd3+ 56. Kf4 Rc3 57. Ra6 Kg6 58. Ra5 Rc4+ 59.
Kg3 Rc6 60. Rb5 Kf7 61. g5 1/2-1/2

[Event "15. Sueder Sommerpokal 2005"]
[Site "Recklinghausen GER"]
[Date "2005.08.07"]
[Round "7.32"]
[White "Nebel, Rudi"]
[Black "Kuhn, Oliver"]
[Result "1/2-1/2"]
[WhiteElo "1598"]
[BlackElo "1466"]
[PlyCount "82"]
[EventDate "2005.08.01"]
[EventType "swiss"]
[EventRounds "9"]
[EventCountry "GER"]
[Source "lmi"]
[SourceDate "2005.08.07"]

1. e4 e5 2. Bc4 Nc6 3. c3 Bc5 4. Nf3 d6 5. h3 Nf6 6. d3 O-O 7. Bb3 Be6 8. Bc2
d5 9. Nbd2 dxe4 10. dxe4 Nd7 11. O-O f5 12. exf5 Bxf5 13. Bb3+ Kh8 14. Bc2 Qe7
15. Ne4 Rad8 16. Qe2 h6 17. a4 a5 18. Be3 Bxe3 19. Qxe3 Nf6 20. Rfe1 Nd5 21.
Qc1 Bxh3 22. Ng3 Bg4 23. Nh2 Bc8 24. Be4 Qf7 25. Qc2 Nf4 26. Rad1 Rxd1 27. Rxd1
Be6 28. Rd2 Bb3 29. Qc1 Bxa4 30. Nf3 Bb3 31. Bxc6 bxc6 32. Nxe5 Qe6 33. Nf3 Bd5
34. Nd4 Qg4 35. Qd1 Qg5 36. Nde2 h5 37. Nxf4 Qxf4 38. Qxh5+ Kg8 39. Re2 Rf6 40.
Re8+ Rf8 41. Re2 Rf6 1/2-1/2

[Event "15. Sueder Sommerpokal 2005"]
[Site "Recklinghausen GER"]
[Date "2005.08.07"]
[Round "7.33"]
[White "Glahn, Michael"]
[Black "Rausch, Peter"]
[Result "1-0"]
[WhiteElo "1234"]
[BlackElo "1466"]
[PlyCount "71"]
[EventDate "2005.08.01"]
[EventType "swiss"]
[EventRounds "9"]
[EventCountry "GER"]
[Source "lmi"]
[SourceDate "2005.08.07"]

1. e4 d5 2. exd5 Qxd5 3. Nc3 Qa5 4. Nf3 Nf6 5. d4 c6 6. Be3 Bf5 7. Bd3 e6 8. a3
Bxd3 9. Qxd3 Nbd7 10. O-O Bd6 11. Ne2 Qc7 12. b4 Rd8 13. c4 b6 14. Rab1 O-O 15.
b5 c5 16. Qc3 Ne4 17. Qd3 f5 18. Nc3 Ndf6 19. h3 Nxc3 20. Qxc3 Ne4 21. Qc2 h6
22. Nd2 Nf6 23. Nf3 Nh5 24. Rfd1 f4 25. Bc1 Qf7 26. Bb2 Nf6 27. a4 g5 28. d5
Rde8 29. dxe6 Rxe6 30. Qf5 Qe7 31. Qg6+ Qg7 32. Qf5 Qf7 33. Re1 Ne4 34. Qxf7+
Rxf7 35. Nd2 Rfe7 36. Rbd1 1-0

[Event "15. Sueder Sommerpokal 2005"]
[Site "Recklinghausen GER"]
[Date "2005.08.07"]
[Round "7.34"]
[White "Klees, Robert"]
[Black "Rodig, Claus"]
[Result "1/2-1/2"]
[WhiteElo "1296"]
[BlackElo "1439"]
[PlyCount "53"]
[EventDate "2005.08.01"]
[EventType "swiss"]
[EventRounds "9"]
[EventCountry "GER"]
[Source "lmi"]
[SourceDate "2005.08.07"]

1. d4 d5 2. c4 dxc4 3. Nf3 Nf6 4. e3 Bg4 5. Bxc4 e6 6. h3 Bh5 7. O-O Nbd7 8.
Nc3 c5 9. g4 Bg6 10. a3 a6 11. b4 b5 12. Bd3 c4 13. Be2 Bd6 14. Ng5 h6 15. Nf3
Ne4 16. Bb2 Ng5 17. Kg2 h5 18. Nh4 Qf6 19. Nxg6 Qxg6 20. f4 hxg4 21. fxg5 gxh3+
22. Kh1 h2 23. Rf2 Qxg5 24. Ne4 Qe7 25. Nxd6+ Qxd6 26. Bf3 Rc8 27. Rc1 1/2-1/2

[Event "15. Sueder Sommerpokal 2005"]
[Site "Recklinghausen GER"]
[Date "2005.08.07"]
[Round "7.35"]
[White "Bashylin, Seva"]
[Black "Plotkin, Alex"]
[Result "1-0"]
[WhiteElo "1362"]
[BlackElo "1121"]
[PlyCount "83"]
[EventDate "2005.08.01"]
[EventType "swiss"]
[EventRounds "9"]
[EventCountry "GER"]
[Source "lmi"]
[SourceDate "2005.08.07"]

1. d4 f5 2. Bg5 g6 3. e3 Nf6 4. Bxf6 exf6 5. Bd3 Bg7 6. Qf3 d5 7. Ne2 Nc6 8. a3
a5 9. Nbc3 Ne7 10. O-O-O b6 11. h4 h5 12. Nf4 c6 13. Qg3 Rh6 14. Be2 Kf7 15.
Bf3 Bd7 16. Be2 Qc7 17. f3 Rg8 18. Nxh5 Qxg3 19. Nxg3 Rgh8 20. e4 f4 21. Nf1
Rxh4 22. Rxh4 Rxh4 23. exd5 cxd5 24. Kd2 f5 25. Ke1 Bf6 26. Kf2 Rh1 27. b3 Bh4+
28. g3 fxg3+ 29. Kg2 Rxf1 30. Bxf1 f4 31. Re1 Nf5 32. Nxd5 Be6 33. Nxf4 Bc8 34.
Bc4+ Kg7 35. Ne6+ Bxe6 36. Rxe6 Nxd4 37. Rxb6 Nxc2 38. Rb7+ Kf6 39. Rf7+ Ke5
40. Ra7 Kd4 41. Bf7 Nxa3 42. Rxa5 1-0

[Event "15. Sueder Sommerpokal 2005"]
[Site "Recklinghausen GER"]
[Date "2005.08.07"]
[Round "7.36"]
[White "Kitis, Peter"]
[Black "Berger, Nadja"]
[Result "1-0"]
[WhiteElo "1578"]
[BlackElo "771"]
[PlyCount "29"]
[EventDate "2005.08.01"]
[EventType "swiss"]
[EventRounds "9"]
[EventCountry "GER"]
[Source "lmi"]
[SourceDate "2005.08.07"]

1. e4 c5 2. Nf3 Nc6 3. c3 g6 4. d4 cxd4 5. cxd4 Bg7 6. Nc3 e6 7. Bf4 Nge7 8.
Be2 d6 9. O-O O-O 10. Qd2 Bd7 11. Bh6 Bxh6 12. Qxh6 d5 13. Ng5 Re8 14. Qxh7+
Kf8 15. Qxf7# 1-0